Sports Quiz

Random Sports or NFL Quiz

NFL Stadiums Quiz Stats

 Plays Quiz Updated Sep 3, 2019

Score 0/32 Timer 08:00
12 Plays Today
Team Stadium % Correct
New York GiantsMetLife Stadium
79%
New York JetsMetLife Stadium
79%
Green Bay PackersLambeau Field
77.3%
Denver BroncosBroncos Stadium at Mile High
75.8%
Chicago BearsSoldier Field
72.8%
Pittsburgh SteelersHeinz Field
68.9%
Kansas City ChiefsArrowhead Stadium
68.6%
New England PatriotsGillette Stadium
67.9%
Detroit LionsFord Field
66.8%
Dallas CowboysAT&T Stadium
66.3%
Washington RedskinsFedEx Field
59.9%
Atlanta FalconsMercedes-Benz Stadium
58%
Indianapolis ColtsLucas Oil Stadium
57.9%
Minnesota VikingsUS Bank Stadium
54.6%
San Francisco 49ersLevi's Stadium
54%
Arizona CardinalsState Farm Stadium
50.1%
Team Stadium % Correct
Miami DolphinsHard Rock Stadium
47.7%
Philadelphia EaglesLincoln Financial Field
47.7%
New Orleans SaintsMercedes-Benz Superdome
46.7%
Los Angeles ChargersDignity Health Sports Park
44.9%
Houston TexansNRG Stadium
42.5%
Cincinnati BengalsPaul Brown Stadium
40.3%
Buffalo BillsNew Era Field
38.5%
Tampa Bay BuccaneersRaymond James Stadium
37.4%
Baltimore RavensM&T Bank Stadium
35.6%
Seattle SeahawksCenturyLink Field
34.3%
Oakland RaidersOakland Coliseum
33.2%
Carolina PanthersBank of America Stadium
30.3%
Los Angeles RamsLos Angeles Memorial Coliseum
30.1%
Tennessee TitansNissan Stadium
22.4%
Cleveland BrownsFirstEnergy Stadium
21.6%
Jacksonville JaguarsTIAA Bank Field
14.9%

You're not logged in!

Compare scores with friends on all Sporcle quizzes.
OR
Log In

Sporcle TV

Today on Sporcle TV


Watch our educational content, quiz creation guides, and fun videos on Sporcle TV.

Show Comments

Extras

Top Quizzes Today


Score Distribution

Your Account Isn't Verified!

In order to create a playlist on Sporcle, you need to verify the email address you used during registration. Go to your Sporcle Settings to finish the process.

Report this User

Report this user for behavior that violates our Community Guidelines.

Details: